| 000 | 00613 a2200169 4500 | ||
|---|---|---|---|
| 020 | _a020138423X | ||
| 020 | _a9780201384239 | ||
| 082 | 0 | 4 | _a530.11 |
| 090 |
_c426 _d426 |
||
| 100 | 1 | _aTaylor, Edwin F. | |
| 245 | 1 | 0 |
_aExploring black holes : _bintroduction to general relativity / _cEdwin F. Taylor, John Archibald Wheeler. |
| 260 |
_a[S.l.] : _bAddison Wesley Longman, _c2000. |
||
| 300 |
_a352 p. ; _c26 cm. |
||
| 700 | 1 | _aWheeler, John Archibald. | |
| 942 |
_aSNS _cBK _k530.11 TAY |
||
| 999 |
_c29058 _d29058 |
||